[Event "29.DSenEM2017-Gruppe-B"]
[White "Kundt, Guenther"]
[Black "Klein, Reinhard"]
[Site ""]
[Round "5.11"]
[Annotator "hugo50"]
[Result "0-1"]
[Date "2017.08.12"]
[WhiteElo "1732"]
[BlackElo "1882"]
[PlyCount "98"]

1. d4 Nf6 2. c4 e6 3. Nf3 Bb4+ 4. Bd2 Qe7 5. Nc3 0-0 6. e3 d6 7. Be2 Bxc3 8. Bxc3 Ne4 9. Qc2 f5 10. Bd3 Nxc3 11. bxc3 e5 12. dxe5 dxe5 13. e4 f4 14. 0-0-0 Bg4 15. Rd2 Na6 16. h3 Bxf3 17. gxf3 Nc5 18. Rhd1 b6 19. Bf1 Rad8 20. Rd5 c6 21. R5d2 Ne6 22. Qb3 Nc5 23. Qc2 Nb7 24. Qa4 Rxd2 25. Rxd2 Nc5 26. Qxc6 Rd8 27. Rxd8+ Qxd8 28. Qd5+ Qxd5 29. cxd5 Kf7 30. Kb2 g5 31. Kc2 Ke7 32. Bd3 Nd7 33. c4 h5 34. Kc3 Nc5 35. a3 Nb7 36. a4 Nd8 37. Be2 Kd6 38. Bd3 Nb7 39. Bc2 Ke7 40. Bd3 Nc5 41. Bc2 Nd7 42. Bd3 Nc5 43. Bc2 Kd6 44. Bd3 Nd7 45. Be2 Nf6 46. Bd1 Kc5 47. Bc2 g4 48. hxg4 hxg4 49. fxg4 Nxe4+ {18% dieser Partie in Let's Check
enthalten. Keine Fehler oder Kombinationen gefunden. Diese Partie sollte in
Let's Check eingereicht oder analysiert werden.} 0-1

[Event "29.DSenEM2017-Gruppe-B"]
[White "Steppan, Siegfried"]
[Black "Schmitthoefer, Herbert"]
[Site ""]
[Round "5.15"]
[Annotator ""]
[Result "1/2-1/2"]
[Date "2017.08.12"]
[WhiteElo "1608"]
[BlackElo "1843"]
[PlyCount "42"]

1. d4 Nf6 2. c4 g6 3. Nc3 Bg7 4. e4 d6 5. h3 0-0 6. Bd3 c5 7. d5 a5 8. Nf3 Na6 9. g3 Nc7 10. 0-0 Nd7 11. Be3 Rb8 12. Qd2 Ne5 13. Nxe5 Bxe5 14. f4 Bxc3 15. bxc3 f5 16. exf5 Bxf5 17. Bxf5 gxf5 18. a4 Ne8 19. Rab1 Nf6 20. Qc2 Qd7 21. Bf2 Kh8 {32% dieser Partie in Let's Check enthalten. Keine Fehler oder
Kombinationen gefunden. Diese Partie sollte in Let's Check eingereicht oder
analysiert werden.} 1/2-1/2

[Event "29.DSenEM2017-Gruppe-B"]
[White "Hallmann, Eberhard"]
[Black "Garms, Ilse"]
[Site ""]
[Round "5.17"]
[Annotator ""]
[Result "1/2-1/2"]
[Date "2017.08.12"]
[WhiteElo "1834"]
[BlackElo "1739"]
[PlyCount "96"]

1. g3 d5 2. Bg2 e5 3. d3 c6 4. Nd2 Nf6 5. h3 h6 6. e4 Be6 7. exd5 Bxd5 8. Ngf3 Bd6 9. 0-0 0-0 10. Re1 Nbd7 11. c4 Be6 12. d4 exd4 13. Nxd4 Re8 14. Nxe6 fxe6 15. Qe2 Nf8 16. Ne4 Nxe4 17. Qxe4 Qf6 18. Rb1 Qg6 19. b3 Qxe4 20. Rxe4 e5 21. Bb2 Re6 22. Rbe1 Nd7 23. h4 Nc5 24. R4e3 Rae8 25. Ba1 Bc7 26. b4 Nd7 27. b5 Bb6 28. R3e2 Ba5 29. Rd1 Nf6 30. Bh3 R6e7 31. Rd3 Bb6 32. Bc3 h5 33. a4 cxb5 34. Bb4 Rc7 35. cxb5 Rc4 36. Rb3 Ng4 37. Bxg4 Rxg4 38. Kg2 Bd4 39. f3 Rg6 40. Bc3 Bxc3 41. Rxc3 Re7 42. Rc4 Rge6 43. Rce4 Kf7 44. a5 Kf6 45. Rc2 Rd7 46. Rb4 g5 47. hxg5+ Kxg5 48. Rc5 Kg6 {10% dieser Partie in Let's Check enthalten. Keine
Fehler oder Kombinationen gefunden. Diese Partie sollte in Let's Check
eingereicht oder analysiert werden.} 1/2-1/2

[Event "29.DSenEM2017-Gruppe-B"]
[White "Nemoj, Ilja"]
[Black "Cordes, Lothar"]
[Site ""]
[Round "6.8"]
[Annotator ""]
[Result "1-0"]
[Date "2017.08.13"]
[WhiteElo "1775"]
[BlackElo "1871"]
[PlyCount "65"]

1. d4 Nf6 2. e3 b6 3. Bd3 Bb7 4. Nf3 e6 5. c4 Ne4 6. Qc2 f5 7. Nc3 Bb4 8. Bd2 Nxd2 9. Nxd2 d6 10. 0-0 Qg5 11. e4 0-0 12. f4 Qf6 13. e5 dxe5 14. dxe5 Qg6 15. Nf3 Qg4 16. a3 Bc5+ 17. Kh1 Qxf4 18. Rae1 Nc6 19. b4 Be7 20. Ne2 Qg4 21. Qd2 Rad8 22. Nf4 Bg5 23. Nxg5 Qxg5 24. Qc3 Nd4 25. Re3 Qe7 26. Rg3 Kh8 27. Nh5 Qf7 28. Rh3 Qg6 29. Nf4 Qf7 30. Nh5 Qg6 31. Rf2 Qg4 32. Bf1 Qxh3 33. Qxh3 {28%
dieser Partie in Let's Check enthalten. Keine Fehler oder Kombinationen
gefunden. Diese Partie sollte in Let's Check eingereicht oder analysiert
werden.} 1-0

[Event "29.DSenEM2017-Gruppe-B"]
[White "Gebuhr, Guenter"]
[Black "Andrasch, Peter"]
[Site ""]
[Round "6.11"]
[Annotator "RR"]
[Result "1-0"]
[Date "2017.08.13"]
[WhiteElo "1945"]
[BlackElo "1764"]
[PlyCount "55"]

1. e4 e5 2. Nf3 Nf6 3. d4 Bb4+ 4. c3 Ba5 $4 (4... Be7 5. dxe5 Nxe4 $14 )5. Nxe5 d6 6. Nc4 Bb6 7. Nxb6 axb6 8. Bd3 0-0 9. 0-0 Re8 10. Bg5 h6 11. Bxf6 Qxf6 12. Nd2 Nc6 13. Qf3 Qg5 14. Qe3 Qg4 15. h3 Qh5 16. f4 Ne7 17. Qf3 Qh4 18. f5 Bd7 19. f6 Ng6 20. fxg7 Be6 21. e5 Kxg7 22. Bxg6 fxg6 23. Qxb7 Rxa2 24. Rxa2 Bxa2 25. Qxc7+ Re7 26. Qxd6 Kh7 27. Nf3 Re6 28. Nxh4 {16% dieser Partie in Let's
Check enthalten. Diese Partie sollte in Let's Check eingereicht oder
analysiert werden.} 1-0

[Event "29.DSenEM2017-Gruppe-B"]
[White "Goldinger, Josef"]
[Black "Krieg, Peter"]
[Site ""]
[Round "6.12"]
[Annotator "RR"]
[Result "0-1"]
[Date "2017.08.13"]
[WhiteElo "1801"]
[BlackElo "1916"]
[PlyCount "46"]

1. e4 e5 2. Nf3 Nf6 3. Nc3 Nc6 4. h3 d5 5. exd5 Nxd5 6. Nxd5 $6 (6. Bb5 Nxc3 7. bxc3 $11 )Qxd5 $17 7. d3 Bc5 8. c4 Qd6 9. a3 a5 10. Be3 Bf5 11. Bxc5 Qxc5 12. Be2 0-0 13. 0-0 Rfd8 14. Qc2 a4 15. Qc3 Qe7 16. Rad1 Nd4 17. Nxd4 Rxd4 18. Qc1 Rad8 19. Qe3 Qd6 20. Qf3 Qg6 21. g4 Bc8 22. Qg3 Qg5 23. Qe3 Rf4 {36%
dieser Partie in Let's Check enthalten. Diese Partie sollte in Let's Check
eingereicht oder analysiert werden.} 0-1

[Event "29.DSenEM2017-Gruppe-B"]
[White "Garms, Ilse"]
[Black "Hiller, Bernd"]
[Site ""]
[Round "6.16"]
[Annotator ""]
[Result "1-0"]
[Date "2017.08.13"]
[WhiteElo "1739"]
[BlackElo "1858"]
[PlyCount "129"]

1. d4 d5 2. e3 Nc6 3. a3 f6 4. Bd3 g6 5. h3 Bg7 6. Nf3 Bd7 7. Nbd2 e5 8. dxe5 fxe5 9. e4 d4 10. Nb3 Qe7 11. Bg5 Bf6 12. Qd2 h6 13. Bxf6 Nxf6 14. 0-0-0 0-0-0 15. Na5 Rdf8 16. Rde1 Nh5 17. Nxc6 Bxc6 18. Qa5 Re8 19. Qxa7 Rhf8 20. Qa5 Nf4 21. Bf1 b6 22. Qb4 Qxb4 23. axb4 Bd7 24. g3 Nd3+ 25. Bxd3 Rxf3 26. Re2 Ref8 27. Rh2 Kb7 28. Rd2 c5 29. bxc5 bxc5 30. Bc4 Bc6 31. Re2 Kb6 32. Kd2 Rb8 33. b3 Ra8 34. Kc1 Ra5 35. Kb2 Rf8 36. Rh1 Rfa8 37. Rb1 Rf8 38. Kc1 Bd7 39. h4 Bg4 40. Rd2 Bf3 41. Bd5 Rf6 42. Kb2 Ra6 43. Rd3 Be2 44. Rd2 Bg4 45. f4 Ra2+ 46. Kc1 Rd6 47. b4 Ra1 48. bxc5+ Kxc5 49. Rd3 Rxb1+ 50. Kxb1 exf4 51. gxf4 Rf6 52. c3 dxc3 53. Rxc3+ Kd4 54. Rc4+ Kd3 55. e5 Rb6+ 56. Ka2 Be6 57. Bxe6 Rxe6 58. Rc1 Ke4 59. Rf1 Kf5 60. Kb3 Kg4 61. Kc4 Kxh4 62. Kd5 Re8 63. e6 Kg4 64. Ke5 Rf8 65. e7 {
4% dieser Partie in Let's Check enthalten. Keine Fehler oder Kombinationen
gefunden. Diese Partie sollte in Let's Check eingereicht oder analysiert
werden.} 1-0

[Event "29.DSenEM2017-Gruppe-B"]
[White "Peter, Volkhard"]
[Black "Hoelzel, Gerhard"]
[Site ""]
[Round "6.19"]
[Annotator "RR"]
[Result "0-1"]
[Date "2017.08.13"]
[WhiteElo "1836"]
[BlackElo "1707"]
[PlyCount "76"]

1. e4 c5 2. d4 cxd4 3. c3 dxc3 4. Nxc3 Nc6 5. Bc4 Nf6 6. Nf3 d6 7. e5 dxe5 8. Qxd8+ Kxd8 9. Ng5 Kc7 $2 (9... Na5 10. Be2 Be6 $14 )10. Nxf7 $18 Rg8 11. f4 e6 12. fxe5 Ng4 13. Bf4 Bc5 14. Nb5+ Kb8 15. Ng5 Rf8 16. g3 a6 17. Nd6 Nd4 18. 0-0-0 Nf2 19. Rxd4 Nxh1 20. Rd2 h6 21. Nxe6 Bxe6 22. Bxe6 g5 23. Ne4 Bb6 24. Rd1 gxf4 25. Rxh1 Be3+ 26. Kc2 Re8 27. Bd5 Rxe5 28. Nf6 Ka7 29. Bb3 Rc8+ 30. Kb1 Rec5 31. a3 Rc1+ 32. Rxc1 Rxc1+ 33. Ka2 fxg3 34. hxg3 Rg1 35. Ne4 Bd4 36. Bd5 Rg2 37. Nc3 Rd2 38. Kb3 Bxc3 {27% dieser Partie in Let's Check enthalten.
Diese Partie sollte in Let's Check eingereicht oder analysiert werden.} 0-1

[Event "29.DSenEM2017-Gruppe-B"]
[White "Merettig, Georg"]
[Black "Hallmann, Eberhard"]
[Site ""]
[Round "6.20"]
[Annotator ""]
[Result "1/2-1/2"]
[Date "2017.08.13"]
[WhiteElo "1779"]
[BlackElo "1834"]
[PlyCount "27"]

1. Nc3 f5 2. e4 d6 3. d4 Nf6 4. Bd3 fxe4 5. Nxe4 e6 6. Bg5 Be7 7. Nh3 Nbd7 8. 0-0 e5 9. Re1 0-0 10. Nxf6+ Nxf6 11. dxe5 dxe5 12. Rxe5 Bd6 13. Bxh7+ Kxh7 14. Bxf6 {39% dieser Partie in Let's Check enthalten. Keine Fehler oder
Kombinationen gefunden. Diese Partie sollte in Let's Check eingereicht oder
analysiert werden.} 1/2-1/2

[Event "29.DSenEM2017-Gruppe-B"]
[White "Scholz, Herbert"]
[Black "Kuenitz, Bernhard"]
[Site ""]
[Round "7.1"]
[Annotator "RR"]
[Result "1/2-1/2"]
[Date "2017.08.14"]
[WhiteElo "1814"]
[BlackElo "1864"]
[PlyCount "26"]

1. b3 e5 2. Bb2 d5 3. e3 Nf6 4. c4 $6 (4. Bxe5 Be7 5. Nc3 $14 )Be7 5. Nc3 Nc6 6. Nf3 Bf5 7. a3 h6 8. d4 exd4 9. Nxd4 Nxd4 10. Qxd4 c5 11. Qd2 0-0 12. Bd3 Bxd3 13. Qxd3 Qb6 {33% dieser Partie in Let's Check enthalten. Diese Partie
sollte in Let's Check eingereicht oder analysiert werden.} 1/2-1/2

[Event "29.DSenEM2017-Gruppe-B"]
[White "Krieg, Peter"]
[Black "Vovchik, Vladimir"]
[Site ""]
[Round "7.6"]
[Annotator ""]
[Result "1-0"]
[Date "2017.08.14"]
[WhiteElo "1916"]
[BlackElo "1805"]
[PlyCount "69"]

1. e4 e5 2. f4 exf4 3. Nf3 Be7 4. Bc4 d6 5. 0-0 Be6 6. Bxe6 fxe6 7. d4 g5 8. h3 h6 9. Qd3 Qd7 10. Nc3 Na6 11. e5 Bf8 12. h4 Qg7 13. exd6 Bxd6 14. Qe4 0-0-0 15. Qxe6+ Qd7 16. Qxd7+ Rxd7 17. hxg5 hxg5 18. Nxg5 Rh5 19. Nce4 Be7 20. Nf3 Nb4 21. c3 Nc2 22. Rb1 Ne3 23. Bxe3 fxe3 24. Rbe1 Nh6 25. Rxe3 Ng4 26. Re2 b6 27. Ng3 Rh8 28. Rfe1 Kd8 29. Nf5 Bf6 30. Re4 Rd5 31. Rf4 Rf8 32. Ree4 c5 33. c4 Bxd4+ 34. N5xd4 Rxf4 35. Rxf4 {21% dieser Partie in Let's Check enthalten.
Keine Fehler oder Kombinationen gefunden. Diese Partie sollte in Let's Check
eingereicht oder analysiert werden.} 1-0

[Event "29.DSenEM2017-Gruppe-B"]
[White "Mueller, Johannes"]
[Black "Gebuhr, Guenter"]
[Site ""]
[Round "7.7"]
[Annotator ""]
[Result "0-1"]
[Date "2017.08.14"]
[WhiteElo "1802"]
[BlackElo "1945"]
[PlyCount "94"]

1. e4 c5 2. Nc3 Nc6 3. f4 g6 4. a4 e6 5. Bc4 Bg7 6. Nf3 Nge7 7. 0-0 0-0 8. g4 d5 9. Bb3 dxe4 10. Nxe4 b6 11. d3 Bb7 12. c3 Qd7 13. Qe2 Rad8 14. Ne1 Na5 15. Bc2 Qc6 16. h4 f5 17. Ng3 fxg4 18. Qxg4 Nf5 19. Ne4 c4 20. d4 Nb3 21. Rb1 Nxc1 22. Rxc1 Ne3 23. Qe2 Nxc2 24. Ng3 Nxe1 25. Rfxe1 Rde8 26. h5 gxh5 27. Ne4 Qxe4 28. Qxe4 Bxe4 29. Rxe4 Rf5 30. Kg2 Kf7 31. Kf3 e5 32. dxe5 Bxe5 33. Rxc4 Bd6 34. Rd1 Bc5 35. Rd3 a5 36. Re4 Rxe4 37. Kxe4 Rf6 38. f5 h4 39. Rd7+ Be7 40. b4 Rd6 41. Rb7 axb4 42. cxb4 h3 43. Rc7 h2 44. Rc1 Rh6 45. Rh1 Bxb4 46. Kf4 Kf6 47. Kg4 Bd6 {14% dieser Partie in Let's Check enthalten. Keine Fehler oder
Kombinationen gefunden. Diese Partie sollte in Let's Check eingereicht oder
analysiert werden.} 0-1

[Event "29.DSenEM2017-Gruppe-B"]
[White "Metzger, Albert"]
[Black "Garms, Ilse"]
[Site ""]
[Round "7.11"]
[Annotator ""]
[Result "0-1"]
[Date "2017.08.14"]
[WhiteElo "1869"]
[BlackElo "1739"]
[PlyCount "156"]

1. d4 d5 2. Nf3 e6 3. g3 Nf6 4. Bg2 Nbd7 5. 0-0 b6 6. c3 Bb7 7. h3 Be7 8. Nbd2 0-0 9. Re1 c5 10. Nf1 Rc8 11. N1h2 cxd4 12. Nxd4 Bc5 13. Be3 a6 14. Nc2 Ne4 15. Nf1 Bxe3 16. Ncxe3 Ndf6 17. f3 Nd6 18. Nh2 Nc4 19. Nxc4 Rxc4 20. Qd3 Qd6 21. b3 Qc5+ 22. Kh1 Rxc3 23. Qd2 Rc8 24. g4 h6 25. g5 Nh5 26. Nf1 hxg5 27. Qxg5 d4 28. Qg4 Qf5 29. Qxd4 b5 30. Rad1 Qc5 31. Qxc5 R3xc5 32. Rd2 Nf4 33. Red1 Kh7 34. Ne3 Rc3 35. Nc4 Rc7 36. Kg1 Kg6 37. Kf2 Kg5 38. Kg3 Kf5 39. Nb2 e5 40. e4+ Kg5 41. Bf1 Ne6 42. Rd7 Bc8 43. R7d5 f6 44. R5d2 Nd4 45. Rd3 b4 46. R1d2 a5 47. Rxd4 exd4 48. Rxd4 Be6 49. Rd6 Bf7 50. Ra6 R3c5 51. Be2 Kh6 52. Bd3 Bg6 53. Bc4 R7c6 54. Ra8 Rc8 55. Rxc8 Rxc8 56. Kf4 Be8 57. Nd3 Bd7 58. Kg3 g6 59. h4 Kg7 60. f4 Bc6 61. e5 fxe5 62. fxe5 Be4 63. Nf4 Kf8 64. Ne6+ Ke7 65. Nf4 Bb1 66. Nd5+ Kf8 67. Nb6 Rc6 68. Nd7+ Ke7 69. Nf6 Rxc4 70. bxc4 Bxa2 71. Nd5+ Ke6 72. Kf4 Bxc4 73. Nb6 Bb5 74. Kg5 Kxe5 75. Kxg6 b3 76. h5 b2 77. h6 b1=Q+ 78. Kg7 Qg1+ {8% dieser Partie in Let's Check enthalten. Keine Fehler oder
Kombinationen gefunden. Diese Partie sollte in Let's Check eingereicht oder
analysiert werden.} 0-1

[Event "29.DSenEM2017-Gruppe-B"]
[White "Cordes, Lothar"]
[Black "John, Bernd"]
[Site ""]
[Round "7.14"]
[Annotator ""]
[Result "1/2-1/2"]
[Date "2017.08.14"]
[WhiteElo "1871"]
[BlackElo "1762"]
[PlyCount "26"]

1. d4 Nf6 2. Nf3 d5 3. c4 dxc4 4. Qa4+ Nbd7 5. Qxc4 e6 6. Bg5 Be7 7. Nbd2 0-0 8. e4 c5 9. dxc5 Bxc5 10. Nb3 Qb6 11. Nxc5 Qxc5 12. e5 Qxc4 13. Bxc4 Nd5 {
59% dieser Partie in Let's Check enthalten. Keine Fehler oder Kombinationen
gefunden. Diese Partie sollte in Let's Check eingereicht oder analysiert
werden.} 1/2-1/2

[Event "29.DSenEM2017-Gruppe-B"]
[White "Schwichtenberg, Juergen"]
[Black "Woelbl, Josef"]
[Site ""]
[Round "7.16"]
[Annotator "hugo50"]
[Result "0-1"]
[Date "2017.08.14"]
[WhiteElo "1732"]
[BlackElo "1861"]
[PlyCount "136"]

1. b4 e6 2. Bb2 d5 3. e3 Nf6 4. b5 Be7 5. Nf3 0-0 6. Be2 c5 7. c4 Nbd7 8. 0-0 Nb6 9. Qb3 dxc4 10. Bxc4 Nxc4 11. Qxc4 b6 12. d4 Bb7 13. Nbd2 Ne4 14. a4 Rc8 15. Qb3 Bd5 16. Qd1 cxd4 17. Bxd4 Nxd2 18. Nxd2 Bf6 19. Bxf6 Qxf6 20. e4 Bb7 21. Re1 Rfd8 22. Qe2 Rc2 23. Rad1 g6 24. Qe3 Rd4 25. f3 Qd8 26. Re2 Rxa4 27. Qb3 Raa2 28. Qe3 Rab2 29. Kf1 Rxb5 30. Ke1 Qc7 31. Qd4 e5 32. Qa4 a6 33. Nf1 Rxe2+ 34. Kxe2 Rb2+ 35. Rd2 Rxd2+ 36. Nxd2 b5 37. Qb4 Bc6 38. Nb3 Be8 39. Kf2 Bc6 40. Kg3 h5 41. Na5 Be8 42. Nb3 Qd8 43. h4 Kg7 44. Qc5 Qf6 45. Qc8 Qe6 46. Qc3 f6 47. Qc7+ Qf7 48. Qc3 Qc4 49. Qe3 Bf7 50. Na5 Qd4 51. Qc1 Qb6 52. Nc6 Bc4 53. Nb4 a5 54. Nd5 Qd6 55. Ne3 Qd3 56. Nxc4 Qxc4 57. Qd2 Qc7 58. Kh3 b4 59. g4 hxg4+ 60. Kxg4 Qc8+ 61. Kg3 Qb7 62. Qd8 b3 63. Kg4 b2 64. h5 gxh5+ 65. Kf5 b1=Q 66. Qxf6+ Kg8 67. Qg5+ Qg7 68. Qd8+ Qf8+ {11% dieser Partie in Let's Check
enthalten. Keine Fehler oder Kombinationen gefunden. Diese Partie sollte in
Let's Check eingereicht oder analysiert werden.} 0-1

[Event "29.DSenEM2017-Gruppe-B"]
[White "Poeltelt, Helmut"]
[Black "Schmitthoefer, Herbert"]
[Site ""]
[Round "7.17"]
[Annotator ""]
[Result "1/2-1/2"]
[Date "2017.08.14"]
[WhiteElo "1735"]
[BlackElo "1843"]
[PlyCount "139"]

1. e4 c5 2. Nc3 d6 3. g3 Nc6 4. Bg2 Nf6 5. Nge2 e5 6. 0-0 Be7 7. d3 0-0 8. f4 Bg4 9. h3 Bxe2 10. Qxe2 Nd4 11. Qf2 b5 12. Nd1 Qc7 13. c3 Nc6 14. f5 Rad8 15. Ne3 b4 16. g4 bxc3 17. bxc3 Rd7 18. g5 Nh5 19. Nd5 Qa5 20. f6 Bd8 21. fxg7 Nxg7 22. Nf6+ Bxf6 23. gxf6 Ne6 24. Bd2 Kh8 25. d4 Nb8 26. Kh2 Rg8 27. Bf3 Rdd8 28. Bg4 Nf4 29. Rg1 cxd4 30. cxd4 Qa3 31. Bxf4 exf4 32. d5 Qc3 33. Qxf4 Rg6 34. Rgf1 Qe5 35. Qxe5 dxe5 36. Bh5 Rh6 37. Bxf7 Rf8 38. Be6 Rhxf6 39. Rxf6 Rxf6 40. Rg1 Rf2+ 41. Rg2 Rxg2+ 42. Kxg2 Kg7 43. Kg3 Kf6 44. Kg4 Na6 45. Bf5 h6 46. Kh5 Nb4 47. a4 Nxd5 48. Kxh6 a5 49. h4 Nc3 50. Bd7 Nxe4 51. Kh7 Ng3 52. Kg8 e4 53. Bg4 e3 54. h5 e2 55. Bxe2 Nxe2 56. h6 Nf4 57. h7 Ng6 58. h8=Q+ Nxh8 59. Kxh8 Ke6 60. Kg7 Kd6 61. Kf6 Kc5 62. Ke5 Kb4 63. Kd4 Kxa4 64. Kc4 Ka3 65. Kc3 Ka2 66. Kc2 a4 67. Kc1 Kb3 68. Kb1 Kb4 69. Kb2 a3+ 70. Ka2 {19% dieser Partie in
Let's Check enthalten. Keine Fehler oder Kombinationen gefunden. Diese Partie
sollte in Let's Check eingereicht oder analysiert werden.} 1/2-1/2

[Event "29.DSenEM2017-Gruppe-B"]
[White "Schmidt, Gerhard"]
[Black "Wolter, Guenter"]
[Site ""]
[Round "7.19"]
[Annotator "hugo50"]
[Result "1/2-1/2"]
[Date "2017.08.14"]
[WhiteElo "1720"]
[BlackElo "1825"]
[PlyCount "125"]

1. e4 d5 2. exd5 Nf6 3. c4 c6 4. Nc3 cxd5 5. cxd5 Nxd5 6. Be2 Nc6 7. Nf3 Bf5 8. a3 e6 9. 0-0 Nf4 10. Bb5 Nd3 11. Ne1 Bc5 12. Nxd3 Bxd3 13. Bxd3 Qxd3 14. Qe2 Rd8 15. b4 Be7 16. Qxd3 Rxd3 17. Ne4 0-0 18. Ra2 Nd4 19. Re1 Rc8 20. Kf1 Nb3 21. Bb2 f5 22. Nc5 Nxc5 23. bxc5 Kf7 24. Ke2 Rcd8 25. Bc1 Bxc5 26. Rc2 b6 27. Rc3 Rxc3 28. dxc3 Rd5 29. g3 Re5+ 30. Kf1 Rxe1+ 31. Kxe1 e5 32. Ke2 Ke6 33. f3 Kd5 34. Kd3 h5 35. c4+ Ke6 36. h3 Bd6 37. a4 e4+ 38. fxe4 Bxg3 39. exf5+ Kxf5 40. Be3 Bf4 41. Bf2 g5 42. c5 bxc5 43. Bxc5 Bb8 44. Ke3 g4 45. hxg4+ Kxg4 46. Kf2 h4 47. Kg2 h3+ 48. Kh1 Kf3 49. a5 a6 50. Bg1 Ke4 51. Bh2 Ba7 52. Bc7 Kf3 53. Kh2 Kg4 54. Kh1 Bd4 55. Kh2 Bc3 56. Kh1 Kf5 57. Kh2 Be5+ 58. Bxe5 Kxe5 59. Kxh3 Kd5 60. Kg3 Kc5 61. Kf3 Kb5 62. Ke2 Kxa5 63. Kd1 {13% dieser Partie in
Let's Check enthalten. Keine Fehler oder Kombinationen gefunden. Diese Partie
sollte in Let's Check eingereicht oder analysiert werden.} 1/2-1/2

[Event "29.DSenEM2017-Gruppe-B"]
[White "Kuenitz, Bernhard"]
[Black "Supplieth, Peter"]
[Site ""]
[Round "8.2"]
[Annotator "RR"]
[Result "1-0"]
[Date "2017.08.15"]
[WhiteElo "1864"]
[BlackElo "1917"]
[PlyCount "81"]

1. c4 Nf6 2. Nc3 e5 3. d3 c6 4. Nf3 d6 5. g3 Be6 6. Bg2 Be7 7. 0-0 Nbd7 8. Rb1 0-0 9. b4 d5 10. Ng5 Bf5 11. e4 dxe4 12. Ngxe4 Nxe4 13. dxe4 Be6 14. c5 Nf6 15. Qc2 Qc7 16. Rd1 Rfd8 17. Bb2 Rd4 18. Rxd4 exd4 19. Ne2 Bxa2 20. Ra1 Be6 21. Nxd4 Bg4 22. f3 Bd7 23. Ne2 a6 24. Bd4 Rd8 25. Be3 Qc8 26. Nf4 h6 27. e5 Bf5 28. Qe2 Nh7 29. g4 g5 30. gxf5 gxf4 31. Bxf4 Qxf5 32. Bxh6 Rd4 33. Qf2 Rxb4 34. Rf1 Qg6 35. Be3 Ng5 36. Kh1 Ne6 37. Rg1 Kh7 38. f4 Qf5 39. Qf3 Rb1 40. Bf1 a5 $4 {} (40... Ng5 41. Qg3 Rb3 $16 )41. Bd3 $1 $18 {30% dieser Partie in
Let's Check enthalten. Diese Partie sollte in Let's Check eingereicht oder
analysiert werden.} 1-0

[Event "29.DSenEM2017-Gruppe-B"]
[White "Zotin, Vladimir"]
[Black "Josting, Friedel"]
[Site ""]
[Round "8.3"]
[Annotator ""]
[Result "1-0"]
[Date "2017.08.15"]
[WhiteElo "1886"]
[BlackElo "1875"]
[PlyCount "107"]

1. e4 c5 2. Nf3 e6 3. Nc3 Nc6 4. d4 cxd4 5. Nxd4 a6 6. a3 Qc7 7. Be3 Nf6 8. Be2 Be7 9. g4 d6 10. Qd2 b5 11. f4 Bb7 12. g5 Nd7 13. f5 Nxd4 14. Bxd4 e5 15. Be3 Nb6 16. 0-0 Nc4 17. Bxc4 Qxc4 18. Qg2 0-0-0 19. Rad1 h6 20. Rd3 hxg5 21. Nd5 Bxd5 22. Rc3 Qxc3 23. bxc3 Bc4 24. Rb1 Rh5 25. Bf2 Rdh8 26. Bg3 g4 27. Qf2 R5h6 28. Qa7 Bd8 29. Qxa6+ Kd7 30. a4 d5 31. Qb7+ Ke8 32. Bxe5 Bb6+ 33. Kg2 Be2 34. Qb8+ Kd7 35. Qb7+ Ke8 36. f6 gxf6 37. Qb8+ Bd8 38. Bc7 Ke7 39. Bxd8+ Rxd8 40. Qc7+ Ke8 41. axb5 Bf3+ 42. Kg1 g3 43. hxg3 dxe4 44. Kf2 Rh2+ 45. Ke3 Rxc2 46. b6 Re2+ 47. Kf4 Bg2 48. Qxd8+ Kxd8 49. b7 Rf2+ 50. Ke3 Rf3+ 51. Ke2 Ke7 52. b8=Q f5 53. Qe5+ Kf8 54. Rb8# {21% dieser Partie in Let's Check enthalten.
Keine Fehler oder Kombinationen gefunden. Diese Partie sollte in Let's Check
eingereicht oder analysiert werden.} 1-0

[Event "29.DSenEM2017-Gruppe-B"]
[White "Garms, Ilse"]
[Black "Krieg, Peter"]
[Site ""]
[Round "8.6"]
[Annotator ""]
[Result "0-1"]
[Date "2017.08.15"]
[WhiteElo "1739"]
[BlackElo "1916"]
[PlyCount "122"]

1. d4 Nf6 2. e3 e6 3. Nf3 d5 4. Bd3 c5 5. c3 Nc6 6. Nbd2 Bd6 7. dxc5 Bxc5 8. Nb3 Bb6 9. 0-0 0-0 10. h3 e5 11. Be2 Bf5 12. Bb5 Bc7 13. Nbd2 Qd6 14. Nh2 e4 15. f4 Qc5 16. Qe2 h5 17. Nb3 Qb6 18. Bxc6 bxc6 19. Nd4 Bd7 20. Qd1 c5 21. Ne2 Bb5 22. Rf2 Rad8 23. Ng3 g6 24. b3 d4 25. cxd4 cxd4 26. Qe1 d3 27. Bd2 Rfe8 28. Rc1 g5 29. Rxc7 Qxc7 30. Ba5 d2 31. Bxd2 Qd6 32. Nf5 Qd5 33. fxg5 Nd7 34. Nh6+ Kg7 35. Rxf7+ Kg6 36. Rf5 Re5 37. Rxe5 Nxe5 38. Bc3 Qd1 39. Qxd1 Rxd1+ 40. Kf2 Nd3+ 41. Kg3 Kxg5 42. Nf7+ Kg6 43. Nd6 Bc6 44. h4 Nc1 45. Bd4 Nxa2 46. Nc8 Bd7 47. Nxa7 Rb1 48. Kf4 Rh1 49. Kg3 Nc1 50. Bc5 Nxb3 51. Bd6 Ra1 52. Kf4 Rxa7 53. Kxe4 Bc6+ 54. Kf4 Bxg2 55. Kg3 Ra2 56. Nf3 Bxf3 57. Kxf3 Nd2+ 58. Kf4 Ra4+ 59. Ke5 Nc4+ 60. Kd5 Nxd6 61. Kxd6 Re4 {14% dieser Partie in Let's Check enthalten.
Keine Fehler oder Kombinationen gefunden. Diese Partie sollte in Let's Check
eingereicht oder analysiert werden.} 0-1

[Event "29.DSenEM2017-Gruppe-B"]
[White "Merettig, Georg"]
[Black "Eidam, Horst"]
[Site ""]
[Round "8.9"]
[Annotator ""]
[Result "1/2-1/2"]
[Date "2017.08.15"]
[WhiteElo "1779"]
[BlackElo "1884"]
[PlyCount "54"]

1. Nc3 c5 2. f4 d5 3. e4 e6 4. Nf3 Nf6 5. e5 Nfd7 6. Ne2 Nc6 7. c3 b6 8. Ng3 g6 9. Be2 a5 10. 0-0 Ba6 11. d4 Qc8 12. b3 cxd4 13. cxd4 Bxe2 14. Qxe2 Qa6 15. Qd1 Be7 16. a3 0-0 17. h4 h5 18. Kh2 Rfc8 19. Ng5 Nf8 20. Bb2 Bxg5 21. fxg5 Ne7 22. Qf3 Nf5 23. Nxf5 exf5 24. Qxd5 Rc2 25. Rab1 Rxb2 26. Rxb2 Qxf1 27. Qxa8 Qf4+ {
25% dieser Partie in Let's Check enthalten. Keine Fehler oder Kombinationen
gefunden. Diese Partie sollte in Let's Check eingereicht oder analysiert
werden.} 1/2-1/2

[Event "29.DSenEM2017-Gruppe-B"]
[White "Schefter, Juergen"]
[Black "Vovchik, Vladimir"]
[Site ""]
[Round "8.10"]
[Annotator ""]
[Result "0-1"]
[Date "2017.08.15"]
[WhiteElo "1870"]
[BlackElo "1805"]
[PlyCount "78"]

1. e4 e5 2. Nc3 Nc6 3. f4 d6 4. Nf3 Nf6 5. Bb5 exf4 6. d4 a6 7. Be2 d5 8. e5 Ne4 9. Bxf4 g5 10. Nxe4 dxe4 11. Nxg5 Qxd4 12. c3 Qxd1+ 13. Rxd1 Bf5 14. Bc4 Nd8 15. Rxd8+ Rxd8 16. Nxf7 Rg8 17. Nxd8 Rxg2 18. Ne6 Rxb2 19. Nxf8 Rb1+ 20. Kf2 Rxh1 21. Ne6 Bxe6 22. Bxe6 Rb1 23. Ke3 Re1+ 24. Kd4 b6 25. Bc4 c5+ 26. Kd5 b5 27. Bb3 c4 28. Bc2 e3 29. Kd4 e2 30. Bg3 Rd1+ 31. Kc5 e1=Q 32. Bxe1 Rxe1 33. Kb6 Rxe5 34. Kxa6 h5 35. h4 Kd7 36. Ka5 Kc6 37. Bg6 Kc5 38. Bc2 Re2 39. Bb1 Rb2 {18% dieser Partie in Let's Check enthalten. Keine Fehler oder Kombinationen
gefunden. Diese Partie sollte in Let's Check eingereicht oder analysiert
werden.} 0-1